| 000 | 00544nam a2200193 i 4500 | ||
|---|---|---|---|
| 001 | 23808 | ||
| 003 | ES-MaACL | ||
| 005 | 20250813062710.0 | ||
| 007 | t| | ||
| 008 | 021212s1976 sp ||||1| spa d | ||
| 100 | 1 |
_aAnderson Imbert, Enrique. _921476 |
|
| 245 | 1 | 3 |
_aEl leve Pedro _b: antologĂa de cuentos / _cEnrique Anderson Imbert. |
| 260 |
_aMadrid : _bAlianza, _c[1976] |
||
| 300 |
_a237 p. ; _c20 cm. |
||
| 490 | 1 | _aAlianza tres | |
| 830 | 0 | 0 |
_aAlianza tres _9177344 |
| 852 |
_aES-MaACL _jA-7644 _bR.96389 |
||
| 999 |
_c23808 _d23808 |
||